| 000 | 00585cam a2200181 i 4500 | ||
|---|---|---|---|
| 020 | _a0444416382 : | ||
| 040 | _cDLC | ||
| 082 | 0 | 0 | _a576 ELS 1978 A033 Or. |
| 245 | 0 | 0 | _aInteractions between non-pathogenic soil microorganisms and plants / |
| 260 |
_aAmsterdam ; _aNew York : _bElsevier Scientific Pub. Co. ; _aNew York : _bElsevier North-Holland, _c1978. |
||
| 300 |
_a475 p. : _bill. ; _c25 cm. |
||
| 650 | 0 | _aSoil microbial ecology. | |
| 650 | 0 | _aRoots (Botany) | |
| 650 | 0 | _aPlant-microbe relationships. | |
| 700 | 1 | _aDommergues, Y. R. | |
| 700 | 1 | _aKrupa, Sagar V. | |
| 942 | _cEK | ||
| 999 |
_c12256 _d12256 |
||